Financial Markets and Institutions / (Record no. 13791)
[ view plain ]
| 000 -LEADER | |
|---|---|
| fixed length control field | 02507cam a2200385 a 4500 |
| 001 - CONTROL NUMBER | |
| control field | 15123221 |
| 005 - DATE AND TIME OF LATEST TRANSACTION | |
| control field | 20161031114727.0 |
| 008 - FIXED-LENGTH DATA ELEMENTS--GENERAL INFORMATION | |
| fixed length control field | 071227s2009 maua |r 001 0 eng |
| 015 ## - NATIONAL BIBLIOGRAPHY NUMBER | |
| National bibliography number | GBA860887 |
| Source | bnb |
| 016 7# - NATIONAL BIBLIOGRAPHIC AGENCY CONTROL NUMBER | |
| Record control number | 014601103 |
| Source | Uk |
| 020 ## - INTERNATIONAL STANDARD BOOK NUMBER | |
| International Standard Book Number | 0321552113 |
| 020 ## - INTERNATIONAL STANDARD BOOK NUMBER | |
| International Standard Book Number | 9780321552112 |
| 035 ## - SYSTEM CONTROL NUMBER | |
| System control number | (OCoLC)ocn185123521 |
| 035 ## - SYSTEM CONTROL NUMBER | |
| System control number | (OCoLC)185123521 |
| 040 ## - CATALOGING SOURCE | |
| Original cataloging agency | DLC |
| Transcribing agency | DLC |
| Modifying agency | YDX |
| -- | BAKER |
| -- | YDXCP |
| -- | OCLCQ |
| -- | UKM |
| -- | BTCTA |
| -- | DLC |
| 043 ## - GEOGRAPHIC AREA CODE | |
| Geographic area code | n-us--- |
| 050 00 - LIBRARY OF CONGRESS CALL NUMBER | |
| Classification number | HG181 |
| Item number | .M558 2009 |
| 082 00 - DEWEY DECIMAL CLASSIFICATION NUMBER | |
| Classification number | 332.10973 |
| Edition number | 22 |
| Item number | MIS |
| 100 1# - MAIN ENTRY--PERSONAL NAME | |
| Personal name | Mishkin, Frederic S. |
| 9 (RLIN) | 13152 |
| 245 10 - TITLE STATEMENT | |
| Title | Financial Markets and Institutions / |
| Statement of responsibility, etc | Frederic S. Mishkin, Stanley G. Eakins. |
| 250 ## - EDITION STATEMENT | |
| Edition statement | 6th ed. |
| 260 ## - PUBLICATION, DISTRIBUTION, ETC. (IMPRINT) | |
| Place of publication, distribution, etc | Boston : |
| Name of publisher, distributor, etc | Pearson Prentice Hall, 2009 |
| Date of publication, distribution, etc | c2009. |
| 300 ## - PHYSICAL DESCRIPTION | |
| Extent | 1v. : |
| Other physical details | ill. (some col.) ; |
| Dimensions | 27 cm. |
| 490 0# - Series Statement | |
| Series statement | Prentice Hall Series in Finance |
| 500 ## - GENERAL NOTE | |
| General note | Includes index. |
| 505 0# - FORMATTED CONTENTS NOTE | |
| Formatted contents note | Why study financial markets and institutions? -- Overview of the financial system -- What do interest rates mean and what is their role in valuation? -- Why do interest rates change? -- How do risk and term structure affect interest rates? -- Are financial markets efficient? -- Structure of central banks and the federal reserve system -- Conduct of monetary policy : tools, goals, strategy, and tactics -- The money markets -- The bond market -- The stock market -- The mortage markets -- The foreign exchange market -- The international financial system -- Whay do financial institutions exist? -- What should be done about conflicts of interest? : a central issue in business ethics -- Banking and the management of financial institutions -- Commercial banking industry : structure and competition -- Savings associations and credit unions -- Banking regulation -- The mutual fund industry -- Insurance companies and pension funds -- Investment banks, security brokers and dealers, and venture capital firms -- Risk management in financial institutions -- Hedging with financial derivatives -- Finance companies. |
| 650 #0 - SUBJECT ADDED ENTRY--TOPICAL TERM | |
| Topical term or geographic name as entry element | Money |
| Geographic subdivision | United States. |
| 9 (RLIN) | 13154 |
| 650 #0 - SUBJECT ADDED ENTRY--TOPICAL TERM | |
| Topical term or geographic name as entry element | Money market |
| Geographic subdivision | United States. |
| 9 (RLIN) | 13155 |
| 650 #0 - SUBJECT ADDED ENTRY--TOPICAL TERM | |
| 9 (RLIN) | 13153 |
| Topical term or geographic name as entry element | Financial institutions |
| Geographic subdivision | United States |
| 650 #0 - SUBJECT ADDED ENTRY--TOPICAL TERM | |
| 9 (RLIN) | 13156 |
| Topical term or geographic name as entry element | Banks and banking |
| Geographic subdivision | United States |
| 700 1# - ADDED ENTRY--PERSONAL NAME | |
| Personal name | Eakins, Stanley G. |
| 9 (RLIN) | 13157 |
| 856 41 - ELECTRONIC LOCATION AND ACCESS | |
| Materials specified | Table of contents only |
| Uniform Resource Identifier | <a href="http://www.loc.gov/catdir/toc/ecip087/2007052864.html">http://www.loc.gov/catdir/toc/ecip087/2007052864.html</a> |
| 942 ## - ADDED ENTRY ELEMENTS (KOHA) | |
| Source of classification or shelving scheme | Dewey Decimal Classification |
| Item type | Book - Borrowing |
| Withdrawn status | Item status | Source of classification or shelving scheme | Damaged status | Not for loan | Vendor | Home library | Current library | Shelving location | Date acquired | Source of acquisition | Cost, normal purchase price | Serial Enumeration / chronology | Total Checkouts | Total Renewals | Full call number | Barcode | Date last seen | Date last borrowed | Koha item type |
|---|---|---|---|---|---|---|---|---|---|---|---|---|---|---|---|---|---|---|---|
| Dewey Decimal Classification | Baccah | Central Library | Central Library | First floor | 25/03/2010 | 256.00 | 9837 | 6 | 1 | 332.10973 MIS | 000020359 | 15/07/2025 | 08/11/2018 | Book - Borrowing |